Statistics for Scrabble Generator Puzzle #5

Click here to take the quiz!

General Stats

  • This quiz has been taken 267 times
  • The average score is 16 of 24

Answer Stats

Answer % Correct
String instrumentHarp
90%
All rightOK
90%
Sailor's yesAye
87%
Ear partLobe
84%
Moose relativeElk
83%
Acidity factorpH
83%
Australian cityPerth
79%
Bear's lairCave
76%
Viking languageNorse
74%
The idiot boxTV
74%
Zodiac signLeo
74%
Not passiveActive
73%
Substantial, fillingHearty
64%
BINGOCAPTIVE
62%
Suitable, fittingApt
62%
Signs up, enlistsEnrols
59%
Roman fiddlerNero
57%
Jupiter moonIo
55%
BINGOSNORKEL
53%
Guys, menBlokes
50%
Expel, kick outEvict
46%
Pus-filled spotsBoils
37%
BINGOTHERAPY
30%
BINGOOBELISK
13%

Score Distribution

Percentile by Number Answered

Percent of People with Each Score

Your Score History

You have not taken this quiz